000 02027cam a2200349 i 4500
003 SA-RiAUC
005 20251212142317.0
008 251202s1998 su f b f00000 ara c
020 _a9960031438
020 _a4184025
040 _aSA-MaUQU
_bara
_cSA-RiAUC
_dSA-RiKSU
_erda
043 _aa-su---
050 4 _bJ36 1998
082 0 4 _a011.750953121
090 _a011.750953121
_bج ا م
110 2 _aجامعة أم القرى.
_bوكالة الجامعة للدراسات العليا والبحث العلمي.
_bعمادة شؤون المكتبات
_eمؤلف.
245 1 0 _aدليل الرسائل الجامعية المناقشة في جامعة أم القرى خلال الفترة من نهاية عام 1415هـ. إلى عام 1419هـ. والمسجلة في الجامعة إلى عام 1419هـ /
_cإعداد عمادة شؤون المكتبات، وكالة الجامعة للدراسات العليا والبحث العلمي، جامعة أم القرى.
264 1 _aمكة المكرمة :
_bجامعة أم القرى، وكالة الجامعة للدراسات العليا والبحث العلمي، عمادة شؤون المكتبات،
_c1998
300 _aمجلد ؛
_c30 × 21 سم.
336 _aنص
_btxt
_2rdacontent
_3كتاب
337 _aبدون وسيط
_bn
_2rdamedia
338 _aمجلد
_bnc
_2rdacarrier
490 0 _aدليل الرسائل الجامعية ؛
_vج. 2
610 2 7 _aجامعة أم القرى
_xأطروحات
_vببليوجرافيات
_2aucnm
610 2 7 _aجامعة أم القرى
_xأطروحات
_xمطبوعات حكومية
_2aucnm
650 7 _aالرسائل الجامعية
_zالسعودية
_vببليوجرافيات
_2aucsh
650 7 _aالرسائل الجامعية
_zالسعودية
_xمطبوعات حكومية
_2aucsh
650 7 _aالمطبوعات الحكومية
_2aucsh
651 7 _aالسعودية
_xمطبوعات حكومية
_2aucsh
942 _2ddc
_cBOOK
_n0
949 _aSA-JeALM
_d251202
_umohamedma123
_n1
999 _c13496
_d13496